Mitología griega y romana (Registro nro. 67827)
[ vista simple ]
| 000 -LÍDER | |
|---|---|
| Campo fijo de descripción fija | 01443nam a22002417a 4500 |
| 001 - NÚMERO DE CONTROL | |
| Campo de control | BINCO |
| 003 - IDENTIFICADOR DEL NÚMERO DE CONTROL | |
| Campo de control | CO-MdBIC |
| 005 - FECHA Y HORA DE LA ULTIMA TRANSACCIÓN | |
| control field | 20220427171153.0 |
| 008 - ELEMENTOS DE LONGITUD FIJA -- INFORMACIÓN GENERAL | |
| Campo fijo de descripción fija -- Información general | 220427b2005 ck a|||| |||| 00| 0 spa d |
| 020 ## - NÚMERO INTERNACIONAL NORMALIZADO PARA LIBROS | |
| Número Internacional Normalizado del libro | 8466209131 |
| 040 ## - FUENTE DE CATALOGACIÓN | |
| Agencia de catalogación original | CO-MdBIC |
| Idioma de catalogación | spa. |
| Agencia que realiza la transcripción | CO-MdBIC |
| Agencia que realiza la modificación | CO-MdBIC |
| 041 ## - CÓDIGO DE IDIOMA | |
| Código de idioma para texto/pista de sonido o título separado | spa |
| 082 ## - NÚMERO DE CLASIFICACIÓN DECIMAL DEWEY | |
| Número de la edición del Dewey | 22 |
| Número de clasificación | 868 |
| Clave de autor-Numero de item | L864 |
| 100 ## - ASIENTO PRINCIPAL--NOMBRE PERSONAL | |
| Nombre personal | López Pastor, Jesús |
| 245 ## - TÍTULO | |
| Título del Material | Mitología griega y romana |
| Mención de responsabilidad, etc. | /López Pastor, Jesús, ilustrador |
| 260 1# - PUBLICACIÓN, DISTRIBUCIÓN, ETC. (PIE DE IMPRENTA) | |
| Lugar de publicación, distribución, etc. | Bogotá, Colombia: |
| Nombre del editor, distribuidor, etc. | Panamericana, |
| Fecha de publicación, distribución, etc. | [2005] |
| 260 4# - PUBLICACIÓN, DISTRIBUCIÓN, ETC. (PIE DE IMPRENTA) | |
| Lugar de publicación, distribución, etc. | © 2005 |
| 300 ## - DESCRIPCIÓN FÍSICA | |
| Extensión | 46 paginas; |
| Otros detalles físicos | ilustraciones a color: |
| Dimensiones | 27 cm. |
| 490 ## - MENCIÓN DE SERIE | |
| Mención de serie | mitología |
| 500 ## - NOTA GENERAL | |
| Nota General | Los mitos griegos, que después Roma adaptó a sus propias creencias y formas de narrar, son la base del desarrollo occidental. En Mitología griega y romana se ofrece una selección de las historias más famosas y características de estas dos raíces culturales. Los jóvenes lectores encontrarán en sus páginas a los doce dioses del Olimpo y sus correlativos latinos, los héroes como Ulises, Hércules o Prometeo y también personajes monstruosos y terribles como el Minotauro, pero siempre serán historias en las que los grandes sentimientos de amor, odio, tradición o valor tendrán en vilo a quien se aventure a leerlas. Acompañando a la magia de la narración, preciosas ilustraciones a todo color ofrecen una doble dimensión del contenido. |
| 650 #7 - ASIENTO SECUNDARIO DE MATERIA - TERMINO TEMÁTICO | |
| 9 (RLIN) | 100 |
| Término temático o nombre geográfico como elemento de entrada | Educación infantil |
| Subdivisión general | mitología |
| 942 ## - TIPO DE MATERIAL (KOHA) | |
| Tipo de Item KOHA | Z- Libro General BINCO |
| Estado de Material | Estado de Perdido | Forma de Clasificación | Estado de Dañado | No para Préstamo | Biblioteca de Origen | Biblioteca Permanente | Fecha de Adquisición | Total de Préstamos | Signatura Topográfica | Código de Barras | Última vez visto | Ejemplar/Existencia | Fecha de Remplazo | Tipo de Material |
|---|---|---|---|---|---|---|---|---|---|---|---|---|---|---|
| Dewey Decimal Classification | Biblioteca Infantil Comunitaria BINCO | Biblioteca Infantil Comunitaria BINCO | 27/04/2022 | 868 L864 | B32189 | 27/04/2022 | ej.1 | 27/04/2022 | Z- Libro General BINCO |
